| 000 | 01141cam a2200277 i 4500 | ||
|---|---|---|---|
| 001 | 393679 | ||
| 003 | OSt | ||
| 005 | 20150325150400.0 | ||
| 008 | 800603s1980 dcu b 001 0 eng | ||
| 010 | _a 79055868 | ||
| 040 |
_aDLC _cDLC _dDLC |
||
| 050 | 0 | 0 |
_aRC455.2.C4 _bA48 1980 |
| 082 | 0 | 0 |
_aWM 100 D591 1980 _219 |
| 245 | 0 | 0 | _aDiagnostic and statistical manual of mental disorders. |
| 250 | _a3d ed. | ||
| 260 |
_aWashington, D.C. : _bAmerican Psychiatric Association, _cc1980. |
||
| 300 |
_a494 p. ; _c26 cm. |
||
| 500 | _aEdition of 1968 prepared by the Committee on Nomenclature and Statistics of the American Psychiatric Association. | ||
| 504 | _aIncludes bibliographical references and index. | ||
| 650 | 0 |
_aMental illness _xClassification. _93310 |
|
| 650 | 0 |
_aMental illness _xDiagnosis. _93311 |
|
| 710 | 2 |
_aAmerican Psychiatric Association. _bTask Force on Nomenclature and Statistics. _93312 |
|
| 710 | 2 |
_aAmerican Psychiatric Association. _bCommittee on Nomenclature and Statistics. _tDiagnostic and statistical manual of mental disorders. _93313 |
|
| 906 |
_a7 _bcbc _corignew _du _eocip _f19 _gy-gencatlg |
||
| 942 |
_2z _cSLOAN |
||
| 999 |
_c1230 _d1230 |
||